| 000 | 00000nam 2200000za 4500 |
| 001 | 9.700509 |
| 003 | CaOODSP |
| 005 | 20250506145324 |
| 007 | cr ||||||||||| |
| 008 | 150407s1964||||onc|||||o f000 0 eng d |
| 040 | |aCaOODSP|beng |
| 043 | |an-cn--- |
| 086 | 1 |aA53-1197/1964E-PDF|zA53-1197 |
| 100 | 1 |aCraig, D.L. |q(Donald Laird), |d1923- |
| 245 | 10|aVarieties of red raspberries for Eastern Canada |h[electronic resource] / |cD.L. Craig. |
| 260 | |aOttawa : |bAgriculture Canada, |c1964. |
| 300 | |a3 p. |
| 500 | |aDigitized by the Internet Archive in 2012 with funding from Agriculture and Agri-Food Canada - Agriculture et Agroalimentaire Canada. |
| 500 | |a"Replacing, in part, Publication 836, Rasberries and blackberries" - p. 3 |
| 500 | |aIssued also in French under title: Variétés de framboisiers rouges pour l'Est du Canada. |
| 692 | 07|2gccst|aFruit crops |
| 710 | 1 |aCanada.|bAgriculture Canada. |
| 775 | 08|tVariétés de framboisiers rouges pour l'Est du Canada |w(CaOODSP)9.644393 |
| 856 | 40|ahttp://publications.gc.ca|qPDF|s305 KB|uhttps://publications.gc.ca/collections/collection_2015/aac-aafc/A53-1197-1964-eng.pdf |
| 986 | |aPublication 1197 |